000 01206nam1a22002291i 4500
001 rc\3471935
005 20260407224501.0
035 _a(NLR Aleph) 007597009
090 _a5672719
_c5672719
100 _a20130115d1970 |||y0rusy50 ca
101 0 _arus
102 _aRU
105 _a z |||||
200 1 _aМатериалы конференции
_e[1]-
_fНауч.-техн. о-во радиотехники, электроники и связи им. А.С. Попова. Новосиб. правл. Новосиб. электротехн. ин-т связи. XIII Науч.-техн. конференция, посвящ. 75-летию со дня изобретения радио. (14-17 апр. 1970)
210 _aНовосибирск
_cБ. и.
_d1970
215 _d21
309 _aОтпеч. множит. аппаратом
710 0 2 _aНТО радиотехники и электросвязи им. А. С. Попова
_cМосква
_bНовосибирская областная научно-техническая конференция
_d13
_f1970
_3RU\NLR\AUTH\8810152770
_9800582
801 0 _aRU
_bNLR
_gpsbo
801 1 _aRU
_bELAR
_2rusmarc
852 _aNLR
_j70-4/14429
942 _cBOOK